MESTSKÁ KNIŽNICA GIRALTOVCE  - online katalóg 

Menopauza (Record no. 24143)

000 -NÁVESTIE
fixed length control field 02220cam a2200625 4500
001 - EVIDENČNÉ ČÍSLO ZÁZNAMU - Kontrolné číslo
control field vtls012241313
005 - DÁTUM A ČAS POSLEDNEJ TRANSAKCIE
control field 20260218101455.0
008 - ÚDAJE S PEVNOU DĹŽKOU – VŠEOBECNÉ INFORMÁCIE
fixed length control field 231010s2023 xo oa grn 001 0dslo
020 ## - MEDZINÁRODNÉ ŠTANDARDNÉ ČÍSLO KNIHY (ISBN)
Medzinárodné štandardné číslo knihy (ISBN) 9788022214742
Qualifying information (viazané)
040 ## - ZDROJ KATALOGIZÁCIE
Pôvodná katalogizujúca agentúra SVKPO
Jazyk katalogizácie slo
Prepisujúca agentúra SVKPO
Modifikujúca agentúra SNK
Konvencie popisu rda
041 1# - KÓD JAZYKA
Kód jazyka textu/zvukovej stopy alebo samostatných nápisov slo
Kód jazyka originálu a/alebo sprostredkujúcich prekladov textu eng
044 ## - KÓD KRAJINY VYDAVATEĽA/PRODUCENTA
Kód krajiny MARC xo
Kód krajiny ISO SK
072 #7 - KÓD PREDMETOVEJ KATEGÓRIE
Kód predmetovej kategórie 618
Pododdiel kódu predmetovej kategórie Gynekológia. Pôrodníctvo
Zdroj konspekt
072 #7 - KÓD PREDMETOVEJ KATEGÓRIE
Kód predmetovej kategórie 612
Pododdiel kódu predmetovej kategórie Fyziológia človeka a porovnávacia fyziológia
Zdroj konspekt
080 ## - ČÍSLO MEDZINÁRODNÉHO DESATINNÉHO TRIEDENIA (MDT)
Číslo Medzinárodného desatinného triedenia (MDT) 612.662.9
Identifikátor vydania 2011
080 ## - ČÍSLO MEDZINÁRODNÉHO DESATINNÉHO TRIEDENIA (MDT)
Číslo Medzinárodného desatinného triedenia (MDT) 618.173
Identifikátor vydania 2011
080 ## - ČÍSLO MEDZINÁRODNÉHO DESATINNÉHO TRIEDENIA (MDT)
Číslo Medzinárodného desatinného triedenia (MDT) 612.67
Identifikátor vydania 2011
080 ## - ČÍSLO MEDZINÁRODNÉHO DESATINNÉHO TRIEDENIA (MDT)
Číslo Medzinárodného desatinného triedenia (MDT) 316.346.32-055.2-053.85
Identifikátor vydania 2011
080 ## - ČÍSLO MEDZINÁRODNÉHO DESATINNÉHO TRIEDENIA (MDT)
Číslo Medzinárodného desatinného triedenia (MDT) (0:82-32)
Identifikátor vydania 2011
080 ## - ČÍSLO MEDZINÁRODNÉHO DESATINNÉHO TRIEDENIA (MDT)
Číslo Medzinárodného desatinného triedenia (MDT) (0.062)
Identifikátor vydania 2011
080 ## - ČÍSLO MEDZINÁRODNÉHO DESATINNÉHO TRIEDENIA (MDT)
Číslo Medzinárodného desatinného triedenia (MDT) 613
Identifikátor vydania 2011
100 1# - OSOBNÉ MENÁ – VŠEOBECNÉ INFORMÁCIE
Osobné meno McCall, Davina,
Dátumy súvisiace s menom 1967-
Kód roly aut
-- 5427
240 10 - UNIFIKOVANÝ NÁZOV
Unifikovaný názov Menopausing
Jazyk diela Slovensky
245 10 - NÁZOV
Názov Menopauza
Údaj o zodpovednosti atď. Davina McCallová, Naomi Potterová ; z anglického originálu Menopausing ... preložila Zora Ličková
246 1# - INÁ FORMA NÁZVU
Zobrazovaný text Obálkový podnázov:
Hlavný názov/skrátený názov Sprievodca dôležitou etapou života zrelej ženy
250 ## - ÚDAJ O PORADÍ VYDANIA
Údaj o poradí vydania Vydanie I.
264 #1 - VYDAVATEĽSKÉ ÚDAJE, DISTRIBÚCIA ATĎ. - RDA
Miesto publikovania, distribúcie atď. Bratislava
Názov vydavateľa, distibútora atď. Tatran
Dátum publikovania, distribúcie atď. 2023
300 ## - FYZICKÝ POPIS
Rozsah 304 strán
Ďalšie fyzické detaily farebné fotografie, farebné ilustrácie
Rozmery 24 cm
336 ## - TYP OBSAHU
Typ obsahu - termín text
Typ obsahu - kód txt
Zdroj rdacontent
337 ## - TYP MÉDIA
Typ média - termín bez média
Typ média - kód n
Zdroj rdamedia
338 ## - TYP NOSIČA
Typ nosiča - termín zväzok
Typ nosiča - kód nc
Zdroj rdacarrier
500 ## - VŠEOBECNÁ POZNÁMKA
Formátovaná poznámka o obsahu Obsahuje profesijné údaje o autorkách
500 ## - VŠEOBECNÁ POZNÁMKA
Formátovaná poznámka o obsahu Obsahuje poznámky
500 ## - VŠEOBECNÁ POZNÁMKA
Formátovaná poznámka o obsahu Text v stĺpcoch
650 07 - PRIDANÝ VSTUP – PREDMET – TEMATICKÉ HESLO
Tematické heslo alebo geografický názov ako vstupný prvok perimenopauza
Zdroj hesla alebo termínu SNKPH
-- 5428
650 07 - PRIDANÝ VSTUP – PREDMET – TEMATICKÉ HESLO
Tematické heslo alebo geografický názov ako vstupný prvok menopauza
Zdroj hesla alebo termínu SNKPH
-- 5429
650 07 - PRIDANÝ VSTUP – PREDMET – TEMATICKÉ HESLO
Tematické heslo alebo geografický názov ako vstupný prvok klimaktérium
Zdroj hesla alebo termínu SNKPH
-- 5430
650 07 - PRIDANÝ VSTUP – PREDMET – TEMATICKÉ HESLO
Tematické heslo alebo geografický názov ako vstupný prvok ženy stredného veku
Zdroj hesla alebo termínu SNKPH
-- 5431
650 07 - PRIDANÝ VSTUP – PREDMET – TEMATICKÉ HESLO
Tematické heslo alebo geografický názov ako vstupný prvok Perimenopause
Zdroj hesla alebo termínu SNKPHeng
-- 5432
650 07 - PRIDANÝ VSTUP – PREDMET – TEMATICKÉ HESLO
Tematické heslo alebo geografický názov ako vstupný prvok Menopause
Zdroj hesla alebo termínu SNKPHeng
-- 5433
650 07 - PRIDANÝ VSTUP – PREDMET – TEMATICKÉ HESLO
Tematické heslo alebo geografický názov ako vstupný prvok Climacteric
Zdroj hesla alebo termínu SNKPHeng
-- 5434
650 07 - PRIDANÝ VSTUP – PREDMET – TEMATICKÉ HESLO
Tematické heslo alebo geografický názov ako vstupný prvok Middle-aged women
Zdroj hesla alebo termínu SNKPHeng
-- 5435
650 07 - PRIDANÝ VSTUP – PREDMET – TEMATICKÉ HESLO
Tematické heslo alebo geografický názov ako vstupný prvok starostlivosť o zdravie
Zdroj hesla alebo termínu SNKPH
-- 3840
650 07 - PRIDANÝ VSTUP – PREDMET – TEMATICKÉ HESLO
Tematické heslo alebo geografický názov ako vstupný prvok Health care
Zdroj hesla alebo termínu SNKPHeng
-- 3841
655 #7 - INDEXAČNÝ TERMÍN – ŽÁNER/FORMA
Údaje o žánri/forme alebo termín, ktorý je prvok fazety príbehy
Zdroj termínu SNKPH
-- 2455
655 #7 - INDEXAČNÝ TERMÍN – ŽÁNER/FORMA
Údaje o žánri/forme alebo termín, ktorý je prvok fazety populárno-náučné publikácie
Zdroj termínu SNKPH
-- 1486
655 #7 - INDEXAČNÝ TERMÍN – ŽÁNER/FORMA
Údaje o žánri/forme alebo termín, ktorý je prvok fazety Stories
Zdroj termínu SNKPHeng
-- 1706
655 #7 - INDEXAČNÝ TERMÍN – ŽÁNER/FORMA
Údaje o žánri/forme alebo termín, ktorý je prvok fazety Popular works
Zdroj termínu SNKPHeng
-- 1487
700 1# - PRIDANÝ VSTUP – OSOBNÉ MENO
Osobné meno Potter, Naomi
Kód roly aut
-- 5436
700 1# - PRIDANÝ VSTUP – OSOBNÉ MENO
Osobné meno Ličková, Zora,
Dátumy súvisiace s menom 1959-
Kód roly trl
-- 3336
700 1# - PRIDANÝ VSTUP – OSOBNÉ MENO
Osobné meno Zentko, Peter
Kód roly bkd
-- 5357
958 ## - Formálny deskriptor
Formálny deskriptor NB
958 ## - Formálny deskriptor
Formálny deskriptor OP
Holdings
Stav stiahnutia (Blokovanie) (Withrawn status) Stav straty Zdroj klasifikácie pre skladovanie Stav poškodenia (Damaged status) Nie pre výpožičky (Not for loan) Spôsob nadobudnutia (Collection code) Trvalé umiestnenie Aktuálne umiestnenie Dátum nadobudnutia Náklady, bežná kúpna cena Inventárne číslo (prírastkové číslo) Full call number Čiarový kód Dátum posledného výskytu Cena s účinnosťou od Typ jednotky Koha
          Kúpa Mestská knižnica Giraltovce Mestská knižnica Giraltovce 2026-02-18 5.90 22515 B11031 B11031 2026-02-18 2026-02-18 Krásna literatúra pre dospelých

Powered by Koha